| 000 | 01157nam a2200217 i 4500 | ||
|---|---|---|---|
| 001 | 173049 | ||
| 003 | ES-MaACL | ||
| 005 | 20240229062731.0 | ||
| 007 | t| | ||
| 008 | 091020q1809 sp b |||| | spa d | ||
| 100 | 1 |
_aGaray, Martin de. _953943 |
|
| 245 | 1 | 0 |
_aPueblos de Galicia: Al veros caer en poder del enemigo sin resistencia alguna, al contemplar ocupados los emporios navales que ensobebecen vuestras costas, y dominada de mar á mar tan principal y poderosa Provincia, la indignacion y el dolor hicieron prorumpir á vuestra patria en quejas de maldicion y de enojo / _c[por Martín de Garay]. |
| 260 |
_a[Sevilla : _bs.n., _c1809] |
||
| 300 |
_a[4] p. ; _c22 cm. |
||
| 530 | _aDisponible en formato digital. | ||
| 590 | 0 | _aTítulo tomado del comienzo del texto y autor del final del texto. | |
| 651 | 4 |
_aEspaña- _xHistoria- _y1808-1814, Guerra de la Independencia _98244 |
|
| 852 |
_aES-MaACL _jR-3318(11) _q- Ejemplar sin port. ni cub. _z- Enc. en un vol. facticio con otras obras formando "Miscelánea patriótica" |
||
| 856 |
_uhttp://bdh-rd.bne.es/viewer.vm?id=0000069624&page=1 _zBiblioteca Digital Hispánica |
||
| 999 |
_c173049 _d173049 |
||